01277nam a2200325 a 4500001001100000003000800011006001900019007001500038008004100053015001500094016001900109020001500128020003400143040002100177035002000198050002500218082001700243100003100260245013100291260007100422300002300493504005100516533015200567650002500719650002100744655002900765710001700794856012500811999001500936ebr5001688CaPaEBRm u cr cn|||||||||010521s1999 enka sb 001 0 eng  aGBA0-391497 a03337462872Uk z0333746287 z0312222815(St. Martins Press) aCaPaEBRcCaPaEBR a(OCoLC)5085536114aJC599.C6bW43 1999eb04a323.09512211 aWeatherley, Robert,d1967-14aThe discourse of human rights in Chinah[electronic resource] :bhistorical and ideological perspectives /cRobert Weatherley. aBasingstoke :bMacmillan ;aNew York :bSt. Martin's Press,c1999. aix, 185 p. :bill. aIncludes bibliographical references and index. aElectronic reproduction.bPalo Alto, Calif. :cebrary,d2013.nAvailable via World Wide Web.nAccess may be limited to ebrary affiliated libraries. 0aHuman rightszChina. 0aIdeologyzChina. 7aElectronic books.2local2 aebrary, Inc.40uhttp://site.ebrary.com/lib/rucke/Doc?id=5001688zAn electronic book accessible through the World Wide Web; click to view c1294d1294